| 000 | 00427nam a22001691a 4500 | ||
|---|---|---|---|
| 020 | _a9788120204195 | ||
| 082 |
_a320.917 646 _bGOP/P |
||
| 100 | _aGopal Singh | ||
| 245 |
_aPolitics of sikh homeland (1940-1990)/ _cby Gopal Singh |
||
| 260 |
_aDelhi: _bAjanta, _c1994. |
||
| 300 | _a324p. | ||
| 650 | _aPolitics Sikh Region | ||
| 650 | _aPolitics | ||
| 650 | _aPolitical Science | ||
| 650 | _aSocial Sciences | ||
| 942 | _cBK | ||
| 999 |
_c34963 _d34963 |
||